Pays par ancienne capitale - Statistiques

Statistiques générales
  • Ce quiz a été pris 189 fois
  • Le résultat moyen est 11 sur 15
Statistiques - réponses
Capitale Pays % Correct
Lyon France
100%
Marrakech Maroc
100%
Rio de Janeiro Brésil
99%
Philadelphie États-Unis
99%
Florence Italie
98%
Xi'an Chine
94%
Cracovie Pologne
93%
Valladolid Espagne
82%
Lagos Nigeria
80%
Bonn Allemagne
72%
Uppsala Suède
54%
Coïmbre Portugal
51%
Roskilde Danemark
39%
Kingston Canada
38%
Edirne Turquie
34%
Aucun quiz correspondant
Distribution des résultats
% des personnes avec chaque résultat
Percentile par nombre de réponses
Votre historique - résultats
Vous n’avez pas pris ce quiz